| 000 | 00418nam a22001457a 4500 | ||
|---|---|---|---|
| 005 | 20260430113945.0 | ||
| 008 | 170719b xxu||||| |||| 00| 0 eng d | ||
| 040 | _cPK-LaUMT | ||
| 082 |
_aZIAC 297.05 _bABU-T |
||
| 100 | 1 |
_aMaududi, Syed Abul Ala _911418 |
|
| 245 |
_aTarjuman ul Quran / _cSyed Abul Ala Maududi |
||
| 260 |
_aلاہور: _bادارہ ترجمان القرآن، _c2004 |
||
| 300 | _a559 ص | ||
| 942 | _cBK | ||
| 999 |
_c95360 _d95360 |
||